| 000 | 01020nam a2200241 i 4500 | ||
|---|---|---|---|
| 001 | 160867 | ||
| 003 | ES-MaACL | ||
| 005 | 20251003191920.0 | ||
| 008 | 931025s1791 sp |||| | spa d | ||
| 040 |
_aPAB _bspa _cPAB |
||
| 100 | 1 |
_aOcampo, Florian de. _9130588 |
|
| 245 | 1 | 0 |
_aCoronica general de España / _cque continuaba Ambrosio de Morales... ; tomo V. |
| 260 |
_aEn Madrid : _ben la Oficina de don Benito Cano : _bse hallará en la libreria de Quiroga ..., _c1791. |
||
| 300 |
_a[2], 616 p. ; _c4º (22 cm) |
||
| 594 | _aAmbrosio de Morales es continuador de la Cronica general de España de Florian de Ocampo. | ||
| 597 | _aSign.: [ ]1, A-Z4, 2A-2Z4, 3A-3Z4, 4A-4H4. | ||
| 597 | _aPort. con orla tip. | ||
| 599 | _aGrab. calc.: "J. Ximeno ft." en p. 1. | ||
| 651 | 7 |
_aEspaña- _xHistoria- _y0414-0711, Época visigoda _2 _9162046 |
|
| 700 | 1 |
_aMorales, Ambrosio de, _d1513-1591 _982970 |
|
| 852 |
_aES-MaACL _jR-314-23 _z-- Enc. pasta española _xOlim: B-222-31 |
||
| 999 |
_c160867 _d160867 |
||